00538 2200193 4500001002100000005001500021035002000036245006600056100002300122300002300145260003100168082001100199084001700210020002200227008004100249650003200290990001100322990001100333INLIS00000000000140920250107022833 a0010-11220000251 aDesain Grafis dengan Canva untuk pemula /cJubilee Enterprise0 aJubilee Enterprise ax, 188 hlm :bilus aJakarta :bGramedia,c2021 a006.66 a006.66 JUB d a978-623-00-2771-0250107 0  4aPemrograman Komputer Grafis a002616 a002617